Soil nutrient status of slope lands under hevea brasiliensis in Mizoram at varying altitudes and their relationship with soil properties (Record no. 47178)

MARC details
000 -LEADER
fixed length control field 01967nam a2200301Ia 4500
100 ## - MAIN ENTRY--AUTHOR NAME
Personal name Satisha G C
245 #0 - TITLE STATEMENT
Title Soil nutrient status of slope lands under hevea brasiliensis in Mizoram at varying altitudes and their relationship with soil properties
260 ## - PUBLICATION, DISTRIBUTION, ETC. (IMPRINT)
Name of publisher Indian Journal of Natural Rubber Research
Year of publication 2000
300 ## - PHYSICAL DESCRIPTION
Number of Pages 46-55
520 ## - SUMMARY, ETC.
Summary, etc The status of nutrients in the soils of slope lands under Hevea brasiliensis in Mizoram at different altitudes (100-750 m above mean sea level) was determined for better understanding of nutrient availability and crop productivity. The soils were low to medium in available nitrogen. About 74 per cent of the soils could be rated as deficient in Bray's-P. The total and available N, P and K contents, in general, was in the order of K>N>P. The soils contained adequate to toxic amounts of DTPA extractable Fe, Mn, Cu and tested low in available Zn especially for soils of higher elevation. Total and available N and P and DTPA extractable Zn had a significant negative relationship with altitude whereas DTPA-Fe and cu were positively related. There was positive influence of silt on total N and of both organic carbon and silt on KNnO4-N. The total and Bray's-P were significantly positively related with pH, silt and clay content. The NH4OAc-K was positively related with CEC. The silt and clay contents had negative influence on DTPA extractable Fe and Cu while DTPA-Zn was positively related with silt, clay and pH.
650 ## - SUBJECT ADDED ENTRY--TOPICAL TERM
Topical Term Altitude
650 ## - SUBJECT ADDED ENTRY--TOPICAL TERM
Topical Term Altitude
650 ## - SUBJECT ADDED ENTRY--TOPICAL TERM
Topical Term Hevea brasiliensis
650 ## - SUBJECT ADDED ENTRY--TOPICAL TERM
Topical Term Hevea brasiliensis
650 ## - SUBJECT ADDED ENTRY--TOPICAL TERM
Topical Term Mizoram
650 ## - SUBJECT ADDED ENTRY--TOPICAL TERM
Topical Term Mizoram
650 ## - SUBJECT ADDED ENTRY--TOPICAL TERM
Topical Term Slope lands
650 ## - SUBJECT ADDED ENTRY--TOPICAL TERM
Topical Term Slope lands
650 ## - SUBJECT ADDED ENTRY--TOPICAL TERM
Topical Term Soil characteristics
650 ## - SUBJECT ADDED ENTRY--TOPICAL TERM
Topical Term Soil characteristics
650 ## - SUBJECT ADDED ENTRY--TOPICAL TERM
Topical Term Soil nutrients
650 ## - SUBJECT ADDED ENTRY--TOPICAL TERM
Topical Term Soil nutrients
700 ## - ADDED ENTRY--PERSONAL NAME
Personal name Dey S K
700 ## - ADDED ENTRY--PERSONAL NAME
Personal name Pal T K
700 ## - ADDED ENTRY--PERSONAL NAME
Personal name Varghese Y A
942 ## - ADDED ENTRY ELEMENTS (KOHA)
Koha item type Articles
Holdings
Withdrawn status Lost status Damaged status Not for loan Home library Current library Shelving location Date acquired Serial Enumeration / chronology Koha item type
      Articles RRII Library RRII Library Agronomy 20/12/2021 Volume 13, Issue 02-Jan Articles